000 00655nam a2200253Ia 4500
005 20260121161221.0
008 008 260114s9999 xx 000 0 eng d
020 _a9781003475880
037 _aEBOOK
040 _aCRL
040 _beng
040 _cCRL
041 _2eng
041 _aeng
084 _qCRL
100 _aVictor A. van Bijlert
_91041652
245 0 _aNy?ya S?tra – on Philosophical Method:Sanskrit Text, Translation, and Commentary
260 _bTaylor and Francis
260 _c2024
856 _uhttp://www.taylorfrancis.com/books/9781003475880
942 _cEBOOK
999 _c1608468
_d1608468